| 000 | 01679nam a2200457 i 4500 | ||
|---|---|---|---|
| 001 | 45523 | ||
| 003 | KOSZ 005 | ||
| 005 | 20220110121807.0 | ||
| 008 | 050426s2004 pl a f f |001 0 pol | ||
| 015 | _aPB 2005/8109 | ||
| 020 | _a8372794472 | ||
| 035 | _a(OCoLC)749611659 | ||
| 040 |
_aWA N _cKOSZ 005/HR _dKOSZ 005/HR |
||
| 080 | _a005:004.03 | ||
| 080 | _a(075.8) | ||
| 100 | 1 |
_aAdamczewski, Piotr _eAutor |
|
| 245 | 1 | 0 |
_aZintegrowane systemy informatyczne w praktyce / _cPiotr Adamczewski. |
| 250 | _aWyd. 4 rozsz. | ||
| 260 |
_aWarszawa : _b"Mikom", _c2004. |
||
| 300 |
_a264 s. : _brys., wykr. ; _c24 cm. |
||
| 336 |
_2rdacontent _aTekst _btxt |
||
| 337 |
_2rdamedia _aBez urządzenia pośredniczącego _bn |
||
| 338 |
_2rdacarrier _aWolumin _bnc |
||
| 380 | _aKsiążki | ||
| 380 | _aPublikacje fachowe | ||
| 380 | _aPublikacje dydaktyczne | ||
| 385 | _aMenedżerowie | ||
| 385 | _aInformatycy | ||
| 385 |
_mPoziom nauczania _aSzkoły wyższe |
||
| 388 | _a2001- | ||
| 504 | _aBibliogr. s. 255-258. Indeks. | ||
| 521 | 8 | _aDla kadry kierowniczej przedsiębiorstw, informatyków oraz studentów informatyki i zarządzania oraz wszystkich zainteresowanych unowocześnianiem zarządzania polskiej gospodarki. | |
| 658 | _aZarządzanie i marketing | ||
| 658 | _aInformatyka i technologie informacyjne | ||
| 655 | 4 | _aPodręczniki akademickie | |
| 650 | 4 | _aSystemy informatyczne zarządzania | |
| 650 | 4 | _aZintegrowane systemy informatyczne | |
| 710 | 2 |
_aWydawnictwo Mikom _4pbl. |
|
| 856 |
_uhttp://koha.tu.koszalin.pl/cgi-bin/koha/opac-detail.pl?biblionumber=45523 _yKatalog online BPK |
||
| 942 |
_2UKD _cKS |
||
| 999 |
_c45523 _d45523 |
||